000 nam a22 7a 4500
999 _c10895
_d10895
008 180308b ||||| |||| 00| 0 eng d
100 _aSharma,N.
_96708
245 _aCCE TFA Science Lab-VII
260 _aNew Delhi
_bS. Dinesh
_c2013